Word Ladder: Gran Turismo Quiz Stats

 Plays Quiz Updated Oct 26, 2014

Challenge
Share
Tweet
Embed
Score 0/32 Timer 03:00
0 Plays Today
Hint 4-Letter Word % Correct
'Everything but the kitchen ____'SINK
94.3%
Kill the dragonSLAY
92.3%
Ⓢ REMAIN ⓈⓈ STAY Ⓢ
92.1%
____ A Song of Sixpence'SING
89.6%
Say a Hail MaryPRAY
89.5%
Along ____ PollyCAME
89.1%
Window partSILL
88.5%
Ⓢ ____ MISTY FOR ME ⓈⓈ PLAY Ⓢ
88%
____ StalkingsSILK
87.4%
Ⓢ CHESS OR CHECKERS ⓈⓈ GAME Ⓢ
86.5%
Ⓢ EXCHANGE FOR CASH ⓈⓈ SELL Ⓢ
85.5%
The ____ Of EliBOOK
83.7%
Mr. Laurel, Musial, or LeeSTAN
83.7%
Leather strapBELT
82.7%
Leg partSHIN
81.6%
Skiff or dingyBOAT
81.4%
Hint 4-Letter Word % Correct
Steeple tollerBELL
80.1%
Hit on the headBONK
79.2%
Eeyore's outburst?BRAY
79.1%
Boxer's targetCHIN
78.3%
Ⓢ AVOID SOCIALLY ⓈⓈ SHUN Ⓢ
78%
Tailgater's wurstBRAT
78%
Sweet, feed, or popping ____CORN
77.9%
Popular phaser settingSTUN
77.4%
Go-go, jack, or hobnail ____BOOT
73.6%
Stoner's meerschaumBONG
68.8%
____ of the realmCOIN
67.2%
Shelley or Howie ____LONG
62.7%
Ⓢ ATLANTIC CODFISH ⓈⓈ LING Ⓢ
60.2%
Kind of packageCARE
59.7%
Central processor chipCORE
59.5%
Ⓢ WORD WITH MAN OR BUY ⓈⓈ BEST Ⓢ
39.5%

Today's Daily Dose

Missing Word
Entertainment 'L'

Word Ladder
Fingers

Quick Pick
When in Rome

On This Day
December 15th II

You're not logged in!

Compare scores with friends on all Sporcle quizzes.
OR
Log In

You Might Also Like...

Show Comments

Extras

Top Quizzes Today


Score Distribution

Your Account Isn't Verified!

In order to create a playlist on Sporcle, you need to verify the email address you used during registration. Go to your Sporcle Settings to finish the process.

Report this User

Report this user for behavior that violates our Community Guidelines.

Details: